Fondo y figura : el sentido de la restauración en el arte contemporáneo /
Sparad:
| Huvudupphovsman: | |
|---|---|
| Materialtyp: | Elektronisk E-bok |
| Språk: | spanska |
| Publicerad: |
Madrid :
Ediciones Polifemo,
2008.
|
| Ämnen: | |
| Länkar: | Digitalia Hispánica |
| Taggar: |
Lägg till en tagg
Inga taggar, Lägg till första taggen!
|
MARC
| LEADER | 00000nam a2200000Ii 4500 | ||
|---|---|---|---|
| 001 | DIGPOLIF0060 | ||
| 003 | NyNyDIG | ||
| 006 | m o d | ||
| 007 | cr ||||||||||| | ||
| 008 | 131001s2008 sp ab ob 000 0 spa d | ||
| 020 | |z 8496813142 | ||
| 020 | |z 9788496813144 | ||
| 035 | |a (OCoLC)888273966 | ||
| 040 | |a DGITA |b eng |e pn |c DGITA | ||
| 050 | 1 | 4 | |a N6490 eBook |
| 100 | 1 | |a Barbero Encinas, Juan Carlos. | |
| 245 | 1 | 0 | |a Fondo y figura : |b el sentido de la restauración en el arte contemporáneo / |c Juan Carlos Barbero Encinas. |
| 264 | 1 | |a Madrid : |b Ediciones Polifemo, |c 2008. | |
| 300 | |a 1 online resource (320 pages) | ||
| 336 | |a text |b txt |2 rdacontent | ||
| 337 | |a computer |b c |2 rdamedia | ||
| 338 | |a online resource |b cr |2 rdacarrier | ||
| 504 | |a Includes bibliographical references. | ||
| 650 | 0 | |a Art, Modern |y 20th century |x Philosophy. | |
| 655 | 0 | |a Electronic books. | |
| 791 | 2 | |a Digitalia (Firm), |e distributor. | |
| 793 | 0 | |g Digitalia eBook Collection: |a Ediciones Polifemo. | |
| 856 | 4 | 0 | |3 Digitalia Hispánica |u https://digitalia.unach.elogim.com/a/18892/ |
| 910 | |a Premium Collection: 2007-2012 | ||